000 00471nam a2200181 4500
001 20526
005 20230410124134.0
008 060907n1997 dr spa
020 _a1870259998
035 _9funglode20678
041 _aEN
050 1 4 _aNA 6840 D273t 1997
100 _aDay, Barry
245 1 _aThis wooden "O" :
_bShakespeare's Globe reborn /
_cBarry Day
260 _aLondon :
_bOberon Books,
_c1997
300 _axv, 338 p.
942 _2lcc
_cbk
999 _c71760
_d71760